| 000 | 01824nam a22004457a 4500 | ||
|---|---|---|---|
| 003 | CHAP | ||
| 005 | 20220329134903.0 | ||
| 008 | 971013s1963 r 00010 d | ||
| 010 | _a27529 | ||
| 011 | _a28501 | ||
| 035 | _a32605 | ||
| 040 | _cCHAP | ||
| 082 |
_a330.1 _bK49 |
||
| 100 | 0 | 0 |
_aKeynes, John Maynard. _963125 |
| 245 | _aTeoría general de la ocupación, el interés y el dinero | ||
| 250 | _a6 ed. | ||
| 260 |
_aMéxico, D. F. : _bFondo de Cultura Económica, _c1963 |
||
| 300 | _a379 p. | ||
| 590 |
_aBATCH-UPD _b10 _c20130110 _lUCH01 _h1401 |
||
| 590 |
_aBATCH-UPD _b10 _c20130410 _lUCH01 _h0852 |
||
| 590 |
_aBATCH-UPD _b10 _c20130914 _lUCH01 _h1204 |
||
| 590 |
_aCONVERSION _b10 _c20130109 _lUCH01 _h1316 |
||
| 650 | 1 | 4 |
_aDinero. _932616 |
| 650 | 1 | 4 |
_aEconomía. _935226 |
| 650 | 1 | 4 |
_aInterés y usura. _960146 |
| 901 | _aBK | ||
| 942 | _cLIBRO | ||
| 949 |
_a330.1 K49 _bBC _cLIBRO _d-75947 _eLIBRO _fc.11 _h2068 _i32605 _si |
||
| 949 |
_a330.1 K49 _bBC _cLIBRO _d33724000314415 _eLIBRO _fc.2 _h2059 _i32605 _si |
||
| 949 |
_a330.1 K49 _bBC _cLIBRO _d33724000314431 _eLIBRO _fc.8 _h2065 _i32605 _si |
||
| 949 |
_a330.1 K49 _bBC _cLIBRO _d33724000314449 _eLIBRO _h2058 _i32605 _si |
||
| 949 |
_a330.1 K49 _bBC _cLIBRO _d33724000314456 _eLIBRO _fc.7 _h2064 _i32605 _si |
||
| 949 |
_a330.1 K49 _bBC _cLIBRO _d33724000314464 _eLIBRO _fc.6 _h2063 _i32605 _si |
||
| 949 |
_a330.1 K49 _bBC _cLIBRO _d33724000314498 _eLIBRO _fc.5 _h2062 _i32605 _si |
||
| 949 |
_a330.1 K49 _bBC _cLIBRO _d33724000314506 _eLIBRO _fc.3 _h2060 _i32605 _si |
||
| 949 |
_a330.1 K49 _bBC _cLIBRO _d33724000314514 _eLIBRO _fc.9 _h2066 _i32605 _si |
||
| 949 |
_a330.1 K49 _bBC _cLIBRO _d33724000314522 _eLIBRO _fc.10 _h2067 _i32605 _si |
||
| 949 |
_a330.1 K49 _bBC _cLIBRO _d33724000314530 _eLIBRO _fc.4 _h2061 _i32605 _si |
||
| 949 |
_a330.1 K49 _bBC _cLIBRO _d33724000614442 _eLIBRO _fc.12 _h90487 _i32605 _si |
||
| 999 |
_c27529 _d27529 |
||